| 000 | 06068nam a22007215i 4500 | ||
|---|---|---|---|
| 001 | 978-981-96-9381-8 | ||
| 003 | DE-He213 | ||
| 005 | 20260304124501.0 | ||
| 007 | cr nn 008mamaa | ||
| 008 | 251001s2025 si | s |||| 0|eng d | ||
| 020 |
_a9789819693818 _9978-981-96-9381-8 |
||
| 024 | 7 |
_a10.1007/978-981-96-9381-8 _2doi |
|
| 050 | 4 | _aHD62.5 | |
| 072 | 7 |
_aKJH _2bicssc |
|
| 072 | 7 |
_aBUS025000 _2bisacsh |
|
| 072 | 7 |
_aKJH _2thema |
|
| 082 | 0 | 4 |
_a658.421 _223 |
| 100 | 1 |
_aYokoyama, Kazuko. _eauthor. _4aut _4http://id.loc.gov/vocabulary/relators/aut _913025 |
|
| 245 | 1 | 0 |
_aTransnational Diaspora Entrepreneurship _h[electronic resource] : _bCases from Brazil, Mexico and Japan / _cby Kazuko Yokoyama, Sarah Louisa Birchley. |
| 250 | _a1st ed. 2025. | ||
| 264 | 1 |
_aSingapore : _bSpringer Nature Singapore : _bImprint: Springer, _c2025. |
|
| 300 |
_aXVI, 196 p. 4 illus. _bonline resource. |
||
| 336 |
_atext _btxt _2rdacontent |
||
| 337 |
_acomputer _bc _2rdamedia |
||
| 338 |
_aonline resource _bcr _2rdacarrier |
||
| 341 | 0 |
_bPDF/UA-1 _2onix |
|
| 341 | 0 |
_bTable of contents navigation _2onix |
|
| 341 | 0 |
_bSingle logical reading order _2onix |
|
| 341 | 0 |
_bShort alternative textual descriptions _2onix |
|
| 341 | 0 |
_bUse of color is not sole means of conveying information _2onix |
|
| 341 | 0 |
_bUse of high contrast between text and background color _2onix |
|
| 341 | 0 |
_bNext / Previous structural navigation _2onix |
|
| 341 | 0 |
_bAll non-decorative content supports reading without sight _2onix |
|
| 347 |
_atext file _bPDF _2rda |
||
| 505 | 0 | _aPerspectives on Nikkei Diaspora and Japanese Transnational Entrepreneurship -- Defining Transnational, Diaspora and Ethnic Entrepreneurship -- Country Study: Brazil -- Country Study: Mexico -- Country Study: Japan -- Country Comparisons -- Key Learnings and the Future of Japanese-Latin American Diaspora Entrepreneurship. | |
| 506 | 0 | _aOpen Access | |
| 520 | _aThis Open Access book is the first book to share in-depth narratives outlining the lived experiences of Japanese and Latin American Diaspora Entrepreneurs in Brazil, Mexico and Japan. It focuses in on the career paths of forty-seven entrepreneurs exploring how they negotiate their identity, culture, and heritage as they set-up businesses in a country outside their country of origin. In our previous book we explored Japanese Self-Initiated Expatriate Entrepreneurs (SIEE) in Southeast Asia, yet we see a significant difference between self-initiated expatriate entrepreneurs and second and third generation diaspora Japanese Latin American entrepreneurs. This book represents the entrepreneurs, their journeys, their successes, and their struggles. It provides a framework for better understanding diaspora ethnic entrepreneurship in cases where multiple identities and cultures are intertwined. This research exposes the political, sociological, economic, and cultural complexities of diaspora entrepreneurship as a means to support oneself in a ‘foreign’, yet somewhat familiar, country of destination. This book thus creates a new understanding of what it is to be a diaspora entrepreneur of Japanese heritage in a variety of contexts. This groundbreaking book delves into the compelling narratives of Japanese and Latin American diaspora entrepreneurs in Japan, Mexico, and Brazil. It highlights the career paths of 47 entrepreneurs, revealing how they navigate their identities, cultures, and heritage while establishing businesses far from their countries of origin. Unlike our previous book on Japanese Self-Initiated Expatriate Entrepreneurs (SIEE), this edition also uncovers the unique experiences of second and third-generation Japanese Latin American entrepreneurs. Through their stories of triumph and struggle, this book provides a deeper understanding of diaspora ethnic entrepreneurship, where multiple identities and cultures intersect. It also sheds light on the political, sociological, economic, and cultural complexities faced by these entrepreneurs as they build their lives in 'foreign' yet familiar lands. Discover a new perspective on what it means to be a diaspora entrepreneur of Japanese heritage in diverse contexts. | ||
| 532 | 8 | _aAccessibility summary: This PDF has been created in accordance with the PDF/UA-1 standard to enhance accessibility, including screen reader support, described non-text content (images, graphs), bookmarks for easy navigation, keyboard-friendly links and forms and searchable, selectable text. We recognize the importance of accessibility, and we welcome queries about accessibility for any of our products. If you have a question or an access need, please get in touch with us at accessibilitysupport@springernature.com. Please note that a more accessible version of this eBook is available as ePub. | |
| 532 | 8 | _aNo reading system accessibility options actively disabled | |
| 532 | 8 | _aPublisher contact for further accessibility information: accessibilitysupport@springernature.com | |
| 650 | 0 | _aEntrepreneurship. | |
| 650 | 0 |
_aNew business enterprises. _9143 |
|
| 650 | 0 |
_aEmigration and immigration. _9607 |
|
| 650 | 0 | _aInternational business enterprises. | |
| 650 | 0 |
_aDiversity in the workplace. _915240 |
|
| 650 | 1 | 4 | _aEntrepreneurship. |
| 650 | 2 | 4 | _aDiaspora Studies. |
| 650 | 2 | 4 |
_aHuman Migration. _9610 |
| 650 | 2 | 4 | _aInternational Business. |
| 650 | 2 | 4 |
_aCross-Cultural Management. _917120 |
| 700 | 1 |
_aBirchley, Sarah Louisa. _eauthor. _0(orcid)0009-0003-6789-6315 _1https://orcid.org/0009-0003-6789-6315 _4aut _4http://id.loc.gov/vocabulary/relators/aut _913030 |
|
| 710 | 2 | _aSpringerLink (Online service) | |
| 773 | 0 | _tSpringer Nature eBook | |
| 776 | 0 | 8 |
_iPrinted edition: _z9789819693801 |
| 776 | 0 | 8 |
_iPrinted edition: _z9789819693825 |
| 776 | 0 | 8 |
_iPrinted edition: _z9789819693832 |
| 856 | 4 | 0 | _uhttps://doi.org/10.1007/978-981-96-9381-8 |
| 912 | _aZDB-2-BUM | ||
| 912 | _aZDB-2-SXBM | ||
| 912 | _aZDB-2-SOB | ||
| 999 |
_c579864 _d579864 |
||